Životné prostredie v kontexte formovania informačnej spoločnosti na Slovensku
Salvato in:
| Autore principale: | |
|---|---|
| Natura: | Libro |
| Lingua: | slovacco |
| Pubblicazione: |
Bratislava
Prognostický ústav SAV
2005
|
| Serie: | Pracovné materiály
č. 16 |
| Soggetti: | |
| Tags: |
Nessun Tag, puoi essere il primo ad aggiungerne!!
|
MARC
| LEADER | 00000nam$a2200000$$$4500 | ||
|---|---|---|---|
| 001 | 0053097 | ||
| 005 | 20240503084917.1 | ||
| 022 | |a 0862-9137 | ||
| 041 | 0 | |a slo | |
| 044 | |a SK | ||
| 245 | 1 | 0 | |a Životné prostredie v kontexte formovania informačnej spoločnosti na Slovensku |
| 264 | 1 | |a Bratislava |b Prognostický ústav SAV |c 2005 | |
| 300 | |a 41 s. | ||
| 490 | 1 | |a Pracovné materiály |v č. 16 | |
| 830 | 0 | |a Pracovné materiály |v č. 16 | |
| 610 | 2 | 0 | |a spoločnosť informačná |
| 610 | 2 | 0 | |a prostredie životné |
| 610 | 2 | 0 | |a vývoj hospodársky |
| 610 | 2 | 0 | |a ochrana prírody |
| 610 | 2 | 0 | |a inštitúcie verejnoprávne |
| 610 | 2 | 0 | |a porovnanie medzinárodné |
| 610 | 2 | 0 | |a systémy informačné |
| 610 | 2 | 0 | |a prognózy |
| 610 | 2 | 0 | |a Slovensko |
| 100 | 1 | |a Spáčilová, Ružena | |